[Event "Chigorin Memorial 29th"]
[Site "St Petersburg"]
[Date "2022.10.25"]
[Round "4"]
[White "Kudryashova, Sofiya"]
[Black "Veliev, Gasan"]
[Result "0-1"]
[WhiteElo "1133"]
[BlackElo "2157"]
[PlyCount "80"]
[EventDate "2022.10.22"]
[EventType "swiss"]
[EventRounds "9"]
[EventCountry "RUS"]
[SourceTitle "EXT 2024"]
[Source "ChessBase"]
[SourceDate "2023.10.10"]
[SourceVersion "1"]
[SourceVersionDate "2023.10.10"]
[SourceQuality "1"]

1. d4 Nf6 2. Nf3 b6 3. g3 Bb7 4. Bg2 d6 5. c4 g6 6. 0-0 Bg7 7. Nc3 0-0 8. d5 Nbd7 9. h3 Nc5 10. Be3 Ba6 11. Bxc5 bxc5 12. Nd2 Rb8 13. Rb1 Nd7 14. Qc2 Ne5 15. b3 Bc8 16. f4 Nd7 17. e3 f5 18. Nf3 h6 19. Rbc1 Nf6 20. Kh2 Qe8 21. Rg1 Bd7 22. Bf1 e5 23. fxe5 dxe5 24. Bg2 e4 25. Nd2 Qe5 26. Ne2 g5 27. Rcf1 h5 28. Bh1 h4 29. Rg2 Nh5 30. Rb1 Qd6 31. Kg1 hxg3 32. Nf1 Be5 33. Nc3 a6 34. Qe2 Qh6 35. Rc1 Kh8 36. Qe1 Rb6 37. Ne2 f4 38. exf4 gxf4 39. Nfxg3 fxg3 40. Rd1 Qe3+ 0-1

[Event "Chigorin Memorial 28th"]
[Site "St Petersburg"]
[Date "2021.10.29"]
[Round "7"]
[White "Kudryashova, Sofiya"]
[Black "Balandina, Alisa"]
[Result "0-1"]
[WhiteElo "1125"]
[BlackElo "1801"]
[PlyCount "68"]
[EventDate "2021.10.23"]
[EventType "swiss"]
[EventRounds "9"]
[EventCountry "RUS"]
[SourceTitle "EXT 2023"]
[Source "ChessBase"]
[SourceDate "2022.10.05"]
[SourceVersion "1"]
[SourceVersionDate "2022.10.05"]
[SourceQuality "1"]

1. d4 d5 2. Nf3 Nf6 3. Bg5 c5 4. Bxf6 gxf6 5. e3 Nc6 6. c4 cxd4 7. exd4 Bg4 8. Be2 e6 9. cxd5 Qxd5 10. Nc3 Qa5 11. h3 Bh5 12. a3 Rd8 13. b4 Qb6 14. Na4 Qc7 15. Rc1 Bh6 16. Rc3 Qf4 17. b5 Nxd4 18. Nxd4 Bxe2 19. Kxe2 Qe4+ 20. Kf1 Rxd4 21. Qe2 Qb1+ 22. Qe1 Rd1 23. Ke2 Rxe1+ 24. Rxe1 Qxb5+ 25. Kf3 0-0 26. Nc5 Bd2 27. Rb3 Qc6+ 28. Re4 f5 29. Ke2 fxe4 30. Rg3+ Kh8 31. Nb3 Bf4 32. Rg4 Qc2+ 33. Nd2 Qxd2+ 34. Kf1 Qd1# 0-1

[Event "Chigorin Memorial 28th"]
[Site "St Petersburg"]
[Date "2021.10.23"]
[Round "1"]
[White "Kudryashova, Sofiya"]
[Black "Verbin, Valentina"]
[Result "0-1"]
[WhiteElo "1125"]
[BlackElo "2023"]
[PlyCount "84"]
[EventDate "2021.10.23"]
[EventType "swiss"]
[EventRounds "9"]
[EventCountry "RUS"]
[SourceTitle "EXT 2023"]
[Source "ChessBase"]
[SourceDate "2022.10.05"]
[SourceVersion "1"]
[SourceVersionDate "2022.10.05"]
[SourceQuality "1"]

1. d4 Nf6 2. Bf4 e6 3. Nf3 b6 4. e3 Bb7 5. Bd3 Be7 6. 0-0 c5 7. c4 0-0 8. Nc3 d5 9. b3 Nc6 10. a3 Rc8 11. Ne5 cxd4 12. Nxc6 Bxc6 13. exd4 g6 14. Be5 dxc4 15. bxc4 Nd7 16. Bf4 Bf6 17. Be3 Nb8 18. Qg4 h5 19. Qg3 Bh4 20. Qf4 Qf6 21. Qh6 Qg7 22. Qf4 Bf6 23. Rfd1 e5 24. Qh6 exd4 25. Qxg7+ Bxg7 26. Bxd4 Bxd4 27. Rac1 Bxc3 28. Rxc3 Rfd8 29. c5 Ba4 30. Re1 Rxc5 31. Rxc5 bxc5 32. Bc4 Nc6 33. g3 Rd1 34. Rxd1 Bxd1 35. Kf1 Ne5 36. Bd5 c4 37. Ke1 Bf3 38. Bxf3 Nxf3+ 39. Ke2 Nxh2 40. Kd2 g5 41. Kc3 h4 42. gxh4 gxh4 0-1